000 00398nam a2200157Ia 4500
008 221030s9999 xx 000 0 und d
020 _a8131408213
041 _aEnglish
082 _a105.23
100 _aR. K. Jain
245 0 _aWireless Networking : Wi - Fi & WIMAX
_cby R. K. Jain
260 _bICFAI University Press
_aHyderabad
_c2007
300 _a254
650 _aManagement
942 _cBK
999 _c9586
_d9586